00844nam a2200193Ia 4500003000900000008004100009020001800050040001600068080001600084111013100100245023900231260003800470300002300508650004100531650001600572650001300588700002500601700002400626IN-BaIIA211028s9999 xx 000 0 eng d a981-02-1600-9 cIIA Library a524.85bTHE aInternational Workshop on the Dark Side of the Universe, Experimental Efforts and theoretical FrameworkcRomad1993 June 23-25 4athe dark side of the universebproceedings of the International Workshop on the dark side of the universe, Experimental efforts and theoretical framework, held in Roma, Italy, 23-25 June, 1993cedited by Rita Bernabei and Charling Tao aSingaporebWorld Scientificc1994 a[various pagings.] aAstronomy and Astrophysics thesaurus aDark matter aUniverse aBernabei, Rita., ed. aTao, Charling., ed.